000 00915nam a2200265Ia 4500
003 OSt
005 20220923212154.0
006 a|||||r|||| 00| 0
007 ta
008 220922b |||||||| |||| 00| 0 hin d
024 _a151,356
037 _cTextual
040 _aARTS
_cARTS
_bhin
041 _2hin
_ahin
082 _aO152,2:g, K8
100 _aमेहता, कमलिनी
_9156318
245 0 _aनाटक और यथार्थवाद
246 _aNāṭak aur yathārthavāda
260 _aवाराणसी
_b नागरी प्रचारिणी सभा
_c1968
300 _a549पृ.
_ccm.
490 _aनागरीप्रचारिणी ग्रंथमाला; 61
650 _aहिन्दी साहित्य
_9156264
942 _hO152,2:g, K8
_cTEXL
_2CC
999 _c307029
_d307029